000 01780nam a2200385 c 4500
999 _c52706
_d52706
003 BLK
005 20240715104043.0
008 180408b bul|||||r ||||||| ||bul||
010 _aKNG00056630000
020 _a954-01-1587-6
040 _aBLK
041 _aBUL
_cBUL
080 _aОснови на математиката в основното образование
_b372.47
_x(075.2)
_z372.47(075.2)
100 1 _aМанова, Ангелина Филипова
_eпърви автор
_9363875
139 _aМанова, Ангелина Филипова
_bМ 27
245 1 0 _aМатематика за ІІІ клас
_cАнгелина Филипова Манова; съавт. Рени Илиева Рангелова; съавт. Юлияна Николова Гарчева; * Юлияна Николова Гарчева-Янева.
257 _aBGR
260 _bПросвета
_c2004
_fРусе : Дунав прес
300 _a128 с.
_bс цв. ил.
_c26 см
_e3 тетр.
380 _a3
650 4 _aМатематика - учебници за основни училища
_9243462
653 _aматематика
653 _aучебници за основни училища
653 _aІІІ кл.
700 1 _aРангелова, Рени Илиева
_eсъавт.
_9364911
700 1 _aГарчева, Юлияна Николова
_eсъавт.
_gГарчева-Янева, Юлияна Николова
_9364910
700 1 _aГарчева-Янева, Юлияна Николова
_e*
_9364179
852 _aЦб ІІ 13466
856 4 _qpdf
856 4 _qpdf
942 _cKNG
_n0
_04
_s1
944 _aCR
_c15.11.2005
_lРадостина Карадакова
_k30534
944 _aED
_c28.03.2014
_lф /
999 _d52706